Parnaso Peruano

Guardat en:
Dades bibliogràfiques
Autor principal: García Calderón, V.
Format: Llibre
Idioma:Undetermined
Publicat: Barcelona, España Maucci 1910
Matèries:
Etiquetes: Afegir etiqueta
Sense etiquetes, Sigues el primer a etiquetar aquest registre!

MARC

LEADER 00000nam a2200000Ia 4500
008 170316s9999 xx 000 0 und d
040 |a cru BVZT 
090 |a 862 G-6pa 
100 |a García Calderón, V. 
245 |a Parnaso Peruano 
260 |a Barcelona, España 
260 |b Maucci 
260 |c 1910 
300 |a 319 páginas 
650 |a LITERATURA ESPAÑOLA 
999 |c 9964  |d 9964 
942 |c 15 D  |h 862 G-6pa  |2 z